000 00380 a2200121 4500
001 ART_44816
005 20260410162024.0
008 260409a
245 1 0 _aLas transferencias intergeneracionales en Costa Rica
100 1 _aRosero Bixby, Luis
700 1 _aZuñiga, Paola
773 0 _tNotas de población
_g- Año XXXVII, Nº 90 (ene./jun. 2010)
_wREV41841
999 _c33375
_d33375